[Event "Madrid 2021-2022 ch - Previa B"]
[Site "Madrid ESP"]
[Date "2022.03.05"]
[Round "3.7"]
[White "Simonyan, Arturo"]
[Black "Gonzalez Pena, David I"]
[Result "1-0"]
[WhiteElo "1923"]
[BlackElo "1600"]
[PlyCount "61"]
[EventDate "2022.03.03"]
[EventType "swiss"]
[EventRounds "9"]
[EventCountry "ESP"]
[SourceTitle "Ajedrez en Madrid"]
[Source "lmi"]
[SourceDate "2022.03.04"]
[SourceVersion "1"]
[SourceVersionDate "2022.03.24"]
[SourceQuality "1"]

1. e4 e5 2. Nf3 Nc6 3. d4 exd4 4. Nxd4 Nxd4 5. Qxd4 d6 6. Nc3 Nf6 7. Bg5 Be7 8.
O-O-O Be6 9. f4 O-O 10. Be2 c5 11. Qd3 h6 12. Bxf6 Bxf6 13. Qxd6 Qa5 14. Qd3 c4
15. Qe3 Bxc3 16. Qxc3 Qxa2 17. f5 Rfd8 18. Qa3 Qxa3 19. bxa3 Bd7 20. Bxc4 Rac8
21. Bb3 Rc7 22. Rd6 Rdc8 23. Rhd1 Bc6 24. Rd8+ Rxd8 25. Rxd8+ Kh7 26. e5 Re7
27. e6 fxe6 28. Bxe6 h5 29. h4 Bxg2 30. Bg8+ Kh6 31. Rd6+ 1-0

[Event "Madrid 2021-2022 ch - Previa B"]
[Site "Madrid ESP"]
[Date "2022.03.05"]
[Round "3.8"]
[White "Cabanas Bravo, Juan Andres"]
[Black "Lazaro Azcutia, Miguel"]
[Result "1-0"]
[WhiteElo "1903"]
[BlackElo "1579"]
[PlyCount "105"]
[EventDate "2022.03.03"]
[EventType "swiss"]
[EventRounds "9"]
[EventCountry "ESP"]
[SourceTitle "Ajedrez en Madrid"]
[Source "lmi"]
[SourceDate "2022.03.04"]
[SourceVersion "1"]
[SourceVersionDate "2022.03.24"]
[SourceQuality "1"]

1. e4 e5 2. Nf3 Nc6 3. Bc4 g6 4. d3 h6 5. c3 Bg7 6. b4 a6 7. a4 d6 8. h3 Nge7
9. Qb3 Rf8 10. g4 Be6 11. Bd5 Bxd5 12. exd5 Nb8 13. Rg1 Qd7 14. Bb2 g5 15. Nbd2
f5 16. c4 Ng6 17. O-O-O Nf4 18. Rde1 Nxh3 19. Rgf1 fxg4 20. Nd4 Nf4 21. c5 Kd8
22. Ne6+ Nxe6 23. dxe6 Qe7 24. d4 exd4 25. cxd6 cxd6 26. b5 axb5 27. axb5 Qc7+
28. Kb1 Ke7 29. Rc1 Qd8 30. Ba3 Rxa3 31. Qxa3 Kxe6 32. Qb3+ d5 33. Rfe1+ Kf6
34. Rc5 Re8 35. Rxe8 Qxe8 36. Qxd5 Qe6 37. Ne4+ Ke7 38. Rc7+ Nd7 39. Qc5+ Kf7
40. Nd6+ Kg6 41. Qc2+ Kh5 42. Ne4 d3 43. Qxd3 Qe5 44. Ng3+ Kh4 45. Nf5+ Kh5 46.
Nxg7+ Qxg7 47. Rxd7 Qf8 48. Rd6 Qf7 49. Qd5 Qxf2 50. Qh1+ Qh4 51. Qxb7 Qe1+ 52.
Kc2 g3 53. Qf3+ 1-0

[Event "Madrid 2021-2022 ch - Previa B"]
[Site "Madrid ESP"]
[Date "2022.03.05"]
[Round "3.9"]
[White "Bartolome Benito, Alejandro"]
[Black "Portero Rubio, Martin"]
[Result "0-1"]
[WhiteElo "1553"]
[BlackElo "1846"]
[PlyCount "104"]
[EventDate "2022.03.03"]
[EventType "swiss"]
[EventRounds "9"]
[EventCountry "ESP"]
[SourceTitle "Ajedrez en Madrid"]
[Source "lmi"]
[SourceDate "2022.03.04"]
[SourceVersion "1"]
[SourceVersionDate "2022.03.24"]
[SourceQuality "1"]

1. e4 d5 2. exd5 Nf6 3. Bb5+ Bd7 4. Be2 Nxd5 5. Nf3 g6 6. Nc3 Nxc3 7. dxc3 Bg7
8. Bf4 Nc6 9. Qd2 Bf5 10. O-O-O Qxd2+ 11. Rxd2 e5 12. Be3 O-O 13. Kb1 h6 14.
Rhd1 Be6 15. Bc5 Rfe8 16. Bb5 g5 17. Ba4 g4 18. Nh4 Bf6 19. g3 Bg5 20. Be3 Bxe3
21. fxe3 Red8 22. Bb3 Rxd2 23. Rxd2 Rd8 24. Rxd8+ Nxd8 25. Bxe6 Nxe6 26. Nf5
Kh7 27. Ne7 Kg7 28. Kc1 Ng5 29. Kd1 Nf3 30. Nf5+ Kg6 31. e4 Ng5 32. Ne7+ Kg7
33. Nd5 c6 34. Ne3 h5 35. Nc4 Nf3 36. Ke2 Kf6 37. Nd2 Nxh2 38. b4 Kg5 39. c4
Nf3 40. Nxf3+ gxf3+ 41. Kxf3 f5 42. exf5 Kxf5 43. a4 e4+ 44. Ke3 Kg4 45. c5
Kxg3 46. b5 h4 47. a5 a6 48. Kxe4 h3 49. bxc6 bxc6 50. Ke5 h2 51. Kd6 h1=Q 52.
c4 Qc1 0-1

[Event "Madrid 2021-2022 ch - Previa B"]
[Site "Madrid ESP"]
[Date "2022.03.05"]
[Round "3.10"]
[White "Marin Aso, Jose Luis"]
[Black "Montoya Cabrera, Ernesto Aleja"]
[Result "1-0"]
[WhiteElo "1834"]
[BlackElo "1551"]
[PlyCount "87"]
[EventDate "2022.03.03"]
[EventType "swiss"]
[EventRounds "9"]
[EventCountry "ESP"]
[SourceTitle "Ajedrez en Madrid"]
[Source "lmi"]
[SourceDate "2022.03.04"]
[SourceVersion "1"]
[SourceVersionDate "2022.03.24"]
[SourceQuality "1"]

1. e4 e6 2. d4 d5 3. Nd2 Nf6 4. e5 Nfd7 5. Bd3 c5 6. c3 Qb6 7. Ngf3 Nc6 8. O-O
cxd4 9. cxd4 Nxd4 10. Nxd4 Qxd4 11. Nf3 Qb6 12. Qa4 a6 13. Bd2 Qc6 14. Qg4 f5
15. exf6 Nxf6 16. Qh4 Ne4 17. Ne5 Qc7 18. Bf4 Qe7 19. Qh5+ g6 20. Qe2 Qf6 21.
Bg3 Bg7 22. Bxe4 dxe4 23. Qxe4 Qf5 24. Qe3 O-O 25. Rac1 Bf6 26. Rc7 Bd8 27. Rc4
Bg5 28. Qe2 b5 29. Rc7 Bd8 30. Ng4 Qh5 31. Rxc8 Rxc8 32. Qxe6+ Kg7 33. Qxc8 Bf6
34. Nxf6 Rxf6 35. Qc7+ Kg8 36. Re1 Qf5 37. h4 Rf7 38. Qb8+ Kg7 39. Qe5+ Qf6 40.
Qxf6+ Kxf6 41. Rc1 Kf5 42. Rc7 Rf6 43. Rxh7 Rc6 44. Re7 1-0

[Event "Madrid 2021-2022 ch - Previa B"]
[Site "Madrid ESP"]
[Date "2022.03.05"]
[Round "3.11"]
[White "Anton Ortiz, Carlos"]
[Black "Feal Albala, Alonso"]
[Result "0-1"]
[WhiteElo "1519"]
[BlackElo "1809"]
[PlyCount "78"]
[EventDate "2022.03.03"]
[EventType "swiss"]
[EventRounds "9"]
[EventCountry "ESP"]
[SourceTitle "Ajedrez en Madrid"]
[Source "lmi"]
[SourceDate "2022.03.04"]
[SourceVersion "1"]
[SourceVersionDate "2022.03.24"]
[SourceQuality "1"]

1. d4 Nf6 2. Nf3 e6 3. g3 c5 4. c3 d5 5. Bg2 Nc6 6. O-O cxd4 7. cxd4 Bd6 8. Nc3
a6 9. Re1 O-O 10. Bg5 Be7 11. Ne5 h6 12. Bf4 Nxe5 13. Bxe5 Nd7 14. Bf4 Nb6 15.
e4 dxe4 16. Bxe4 Bb4 17. a3 Bxc3 18. bxc3 Nd5 19. Qd2 g5 20. Bxd5 exd5 21. Be3
Bg4 22. f4 f6 23. Qg2 Qd7 24. Qd2 Bf3 25. Rf1 g4 26. Qc2 f5 27. c4 Rfe8 28.
Rae1 Rac8 29. c5 b6 30. Rxf3 gxf3 31. Qf2 bxc5 32. Rd1 Qe7 33. Re1 cxd4 34. Bd2
Qc5 35. Rxe8+ Rxe8 36. Qxf3 d3+ 37. Kf1 Re2 38. g4 Rxd2 39. Qg3 Qc1+ 0-1

[Event "Madrid 2021-2022 ch - Previa B"]
[Site "Madrid ESP"]
[Date "2022.03.05"]
[Round "3.12"]
[White "Corchon Granero, Mateo"]
[Black "Orellana Barrasa, Gonzalo"]
[Result "1/2-1/2"]
[WhiteElo "1491"]
[BlackElo "1769"]
[PlyCount "64"]
[EventDate "2022.03.03"]
[EventType "swiss"]
[EventRounds "9"]
[EventCountry "ESP"]
[SourceTitle "Ajedrez en Madrid"]
[Source "lmi"]
[SourceDate "2022.03.04"]
[SourceVersion "1"]
[SourceVersionDate "2022.03.24"]
[SourceQuality "1"]

1. e4 d5 2. exd5 Nf6 3. Nf3 Nxd5 4. g3 Bg4 5. Bg2 e6 6. d3 Qf6 7. Nbd2 Nc6 8.
Ne4 Qe7 9. c3 Ne5 10. Qa4+ Qd7 11. Qxd7+ Nxd7 12. d4 Be7 13. O-O O-O 14. Re1
Rab8 15. h3 Bf5 16. Nh2 N5f6 17. Nxf6+ Nxf6 18. Bf4 Bd6 19. Bxd6 cxd6 20. f4 d5
21. Nf3 Nd7 22. Ne5 Nxe5 23. Rxe5 h6 24. g4 Bh7 25. f5 exf5 26. gxf5 g6 27. f6
g5 28. Rae1 Be4 29. Bxe4 dxe4 30. R1xe4 Kh7 31. Re3 Kg6 32. Rf3 Rfe8 1/2-1/2

[Event "Madrid 2021-2022 ch - Previa B"]
[Site "Madrid ESP"]
[Date "2022.03.05"]
[Round "3.13"]
[White "Sanchez Gonzalez, Samuel"]
[Black "Roquero Redondo, Miguel"]
[Result "0-1"]
[WhiteElo "1458"]
[BlackElo "1734"]
[PlyCount "80"]
[EventDate "2022.03.03"]
[EventType "swiss"]
[EventRounds "9"]
[EventCountry "ESP"]
[SourceTitle "Ajedrez en Madrid"]
[Source "lmi"]
[SourceDate "2022.03.04"]
[SourceVersion "1"]
[SourceVersionDate "2022.03.24"]
[SourceQuality "1"]

1. d4 d5 2. c4 e6 3. g3 Nf6 4. Bg2 Be7 5. Nc3 c6 6. Bf4 Nbd7 7. c5 O-O 8. Nf3
b6 9. b4 a5 10. a3 Bb7 11. O-O Re8 12. Qc2 Ra7 13. Nd2 Nh5 14. e4 Nxf4 15. gxf4
dxe4 16. Bxe4 Nf6 17. Nf3 Qc7 18. Ne5 Rea8 19. Na4 bxc5 20. dxc5 Rd8 21. Nb6
Rd4 22. f3 axb4 23. axb4 Rxa1 24. Rxa1 Rxb4 25. Nd3 Rd4 26. Qc3 Rd8 27. Ra7
Nxe4 28. fxe4 Rxd3 29. Qxd3 Bxc5+ 30. Kg2 Bxb6 31. Ra2 c5 32. Kg3 g5 33. e5 Qe7
34. Rb2 gxf4+ 35. Kg4 c4 36. Qd6 f5+ 37. Kh3 Qe8 38. Qd1 Qg6 39. Kh4 Qh6+ 40.
Qh5 Bd8+ 0-1

[Event "Madrid 2021-2022 ch - Previa B"]
[Site "Madrid ESP"]
[Date "2022.03.05"]
[Round "3.15"]
[White "Mata Medina, Andres"]
[Black "Lopez Herrero, Israel"]
[Result "0-1"]
[WhiteElo "1374"]
[BlackElo "1683"]
[PlyCount "40"]
[EventDate "2022.03.03"]
[EventType "swiss"]
[EventRounds "9"]
[EventCountry "ESP"]
[SourceTitle "Ajedrez en Madrid"]
[Source "lmi"]
[SourceDate "2022.03.04"]
[SourceVersion "1"]
[SourceVersionDate "2022.03.24"]
[SourceQuality "1"]

1. e4 c5 2. Nc3 d6 3. f4 Nf6 4. Nf3 e6 5. Bb5+ Nbd7 6. O-O a6 7. Be2 Qc7 8. d4
Be7 9. a4 b6 10. Be3 Bb7 11. Nd2 O-O 12. g4 cxd4 13. Bxd4 e5 14. Be3 Nc5 15.
Bf3 h6 16. f5 Rad8 17. b4 Ncd7 18. Ne2 d5 19. c3 dxe4 20. Bh1 Nxg4 0-1

[Event "Madrid 2021-2022 ch - Previa B"]
[Site "Madrid ESP"]
[Date "2022.03.05"]
[Round "3.20"]
[White "Jimenez Carrazoni, Marta Elena"]
[Black "Cuellar Gutierrez, Raul"]
[Result "1-0"]
[WhiteElo "1452"]
[BlackElo "1948"]
[PlyCount "129"]
[EventDate "2022.03.03"]
[EventType "swiss"]
[EventRounds "9"]
[EventCountry "ESP"]
[SourceTitle "Ajedrez en Madrid"]
[Source "lmi"]
[SourceDate "2022.03.04"]
[SourceVersion "1"]
[SourceVersionDate "2022.03.24"]
[SourceQuality "1"]

1. d4 e6 2. e4 d5 3. exd5 exd5 4. Nc3 Nc6 5. Bf4 Bd6 6. Qd2 Nge7 7. Nf3 a6 8.
Be2 O-O 9. O-O Bxf4 10. Qxf4 Ng6 11. Qd2 Bf5 12. Bd3 Qd7 13. Ne2 Be4 14. Bxe4
dxe4 15. Ne1 f5 16. f3 Rae8 17. c3 e3 18. Qc2 b6 19. f4 Qd5 20. Qd3 Na5 21. Nf3
b5 22. b3 c6 23. Rac1 Qd6 24. Ne5 Nxe5 25. fxe5 Rxe5 26. Qc2 Re4 27. Rxf5 Rfe8
28. Rcf1 Nb7 29. Rf7 R4e7 30. Qf5 Rc7 31. Ng3 Nd8 32. Rxc7 Qxc7 33. Ne2 Qe7 34.
Qd3 Qd6 35. Rf3 Qe7 36. Rh3 g6 37. c4 Nf7 38. cxb5 cxb5 39. Rf3 Nd6 40. Rf1 Nf5
41. Rc1 Qd6 42. Qc3 Rd8 43. Qd3 Qd5 44. Rd1 Re8 45. Nc3 Qxd4 46. Qxd4 Nxd4 47.
Rxd4 e2 48. Nxe2 Rxe2 49. a4 Rb2 50. axb5 Rxb3 51. bxa6 Ra3 52. Rd8+ Kg7 53.
Rd7+ Kh6 54. a7 Ra2 55. h4 Ra4 56. Kf2 Ra3 57. Ke2 Ra2+ 58. Kd3 Ra4 59. Kc3 Ra1
60. Kb4 Ra2 61. Kb5 Ra1 62. Kb6 Rb1+ 63. Kc7 Rc1+ 64. Kb8 Rb1+ 65. Rb7 1-0

[Event "Madrid 2021-2022 ch - Previa B"]
[Site "Madrid ESP"]
[Date "2022.03.05"]
[Round "3.21"]
[White "Castro Uceda, Jose Antonio"]
[Black "Fernandez Herrero, Mario"]
[Result "0-1"]
[WhiteElo "1476"]
[BlackElo "1862"]
[PlyCount "142"]
[EventDate "2022.03.03"]
[EventType "swiss"]
[EventRounds "9"]
[EventCountry "ESP"]
[SourceTitle "Ajedrez en Madrid"]
[Source "lmi"]
[SourceDate "2022.03.04"]
[SourceVersion "1"]
[SourceVersionDate "2022.03.24"]
[SourceQuality "1"]

1. e4 c5 2. Nf3 e6 3. Nc3 a6 4. a3 Qc7 5. Be2 Nc6 6. d4 cxd4 7. Nxd4 Bc5 8. Be3
Ba7 9. Qd2 Nf6 10. O-O-O b5 11. Nxc6 Qxc6 12. Qd6 Bxe3+ 13. fxe3 Qxd6 14. Rxd6
Ke7 15. Rhd1 Rb8 16. e5 Ne8 17. R6d4 Nc7 18. Bf3 a5 19. b4 axb4 20. Rxb4 Ba6
21. Rbd4 Rhd8 22. Ne4 Na8 23. Nc5 Bc8 24. Bc6 Nb6 25. e4 Nc4 26. Nxd7 Bxd7 27.
Rxd7+ Rxd7 28. Rxd7+ Kf8 29. Ra7 Nxe5 30. Bb7 Nc4 31. Bc6 b4 32. axb4 Rxb4 33.
Rb7 Rxb7 34. Bxb7 Ke7 35. c3 Kd6 36. Kc2 Kc7 37. Ba6 Ne3+ 38. Kd2 Nxg2 39. Ke2
Nf4+ 40. Kf3 Ng6 41. h3 Kd6 42. Ke3 Ne5 43. Kd4 Nc6+ 44. Ke3 Kc5 45. Bd3 Ne5
46. Ba6 Nc4+ 47. Kf4 Na3 48. Ke3 Nb5 49. Kd3 Kb6 50. Bc8 Nd6 51. Bd7 Kc5 52.
Ba4 Nc8 53. Be8 Nd6 54. Ba4 g5 55. Bd7 h5 56. Ba4 g4 57. hxg4 hxg4 58. Bd1 g3
59. Bf3 f6 60. Bg2 Nf7 61. Bf3 Ne5+ 62. Ke3 Nxf3 63. Kxf3 Kc4 64. Kxg3 Kxc3 65.
Kf4 Kd4 66. e5 fxe5+ 67. Kf3 Kd3 68. Kf2 e4 69. Ke1 Ke3 70. Kf1 Kd2 71. Kf2 e3+
0-1

[Event "Madrid 2021-2022 ch - Previa B"]
[Site "Madrid ESP"]
[Date "2022.03.05"]
[Round "3.23"]
[White "Enriquez Pastor, Jorge"]
[Black "Rebollo Rico, Ignacio"]
[Result "1-0"]
[WhiteElo "1435"]
[BlackElo "1241"]
[PlyCount "85"]
[EventDate "2022.03.03"]
[EventType "swiss"]
[EventRounds "9"]
[EventCountry "ESP"]
[SourceTitle "Ajedrez en Madrid"]
[Source "lmi"]
[SourceDate "2022.03.04"]
[SourceVersion "1"]
[SourceVersionDate "2022.03.24"]
[SourceQuality "1"]

1. e4 e6 2. d4 d5 3. e5 c5 4. c3 Nc6 5. Nf3 Bd7 6. Be2 Nge7 7. a3 Nf5 8. b4
cxd4 9. cxd4 Qb6 10. Be3 Nxe3 11. fxe3 Be7 12. O-O f6 13. Nc3 fxe5 14. Na4 Qc7
15. b5 Na5 16. Nxe5 Bd6 17. Rc1 Nc4 18. Bxc4 dxc4 19. Rxc4 Qa5 20. Nxd7 Kxd7
21. Nc5+ Ke7 22. a4 Bxc5 23. Rxc5 Rac8 24. Qc2 Qd8 25. Rc1 Rxc5 26. Qxc5+ Qd6
27. Qc7+ Qd7 28. Qe5 Rc8 29. Qxg7+ Kd6 30. Qxd7+ Kxd7 31. Rxc8 Kxc8 32. Kf2 Kd7
33. e4 Kd6 34. Ke3 a6 35. bxa6 bxa6 36. g4 Ke7 37. Kf4 Kf6 38. h4 h6 39. g5+
hxg5+ 40. hxg5+ Kg6 41. Ke5 Kf7 42. Kd6 a5 43. e5 1-0

[Event "Madrid 2021-2022 ch - Previa B"]
[Site "Madrid ESP"]
[Date "2022.03.11"]
[Round "4.1"]
[White "Baeza Escudero, Javier"]
[Black "Rodriguez Avila, Alvaro"]
[Result "1/2-1/2"]
[WhiteElo "1849"]
[BlackElo "1949"]
[PlyCount "127"]
[EventDate "2022.03.03"]
[EventType "swiss"]
[EventRounds "9"]
[EventCountry "ESP"]
[SourceTitle "Ajedrez en Madrid"]
[Source "lmi"]
[SourceDate "2022.03.04"]
[SourceVersion "1"]
[SourceVersionDate "2022.03.24"]
[SourceQuality "1"]

1. e4 c5 2. Nf3 g6 3. d4 cxd4 4. Qxd4 Nf6 5. Nc3 Nc6 6. Qa4 d6 7. e5 dxe5 8.
Nxe5 Bd7 9. Nxd7 Qxd7 10. Bb5 Bg7 11. O-O O-O 12. Bg5 Qf5 13. Bh4 Ne5 14. Rad1
a6 15. Be2 Rfd8 16. h3 b5 17. Rxd8+ Rxd8 18. Qxa6 b4 19. Qb6 Rd2 20. Qb8+ Bf8
21. Qxb4 Qxc2 22. Bd1 Qxb2 23. Qxb2 Rxb2 24. Bb3 Bh6 25. Rd1 Kg7 26. Kf1 Rd2
27. Rxd2 Bxd2 28. Nd5 Nc6 29. Nxf6 exf6 30. Ke2 Bc1 31. Bg3 Nd4+ 32. Kd3 Bb2
33. Bd6 Nb5 34. Bc5 Na3 35. Ba4 h5 36. Bc6 g5 37. Bd4 Bxd4 38. Kxd4 Kf8 39. Kc3
Ke7 40. Kb3 Nb1 41. a4 Kd6 42. Be8 Nd2+ 43. Kb4 Ne4 44. f3 Nc5 45. Bxf7 h4 46.
Bg6 Ne6 47. Bd3 Nf4 48. Bf1 Nd5+ 49. Kb5 Ne3 50. Bc4 Kc7 51. a5 Kb7 52. Kc5
Nxg2 53. Kd4 Nf4 54. Bf1 Ne6+ 55. Ke4 Ng7 56. Kd5 Kc7 57. Bd3 Nh5 58. Ke4 Ng3+
59. Ke3 f5 60. f4 g4 61. Kf2 gxh3 62. Kg1 Nh5 63. Bxf5 Nxf4 64. Kh2 1/2-1/2

[Event "Madrid 2021-2022 ch - Previa B"]
[Site "Madrid ESP"]
[Date "2022.03.11"]
[Round "4.2"]
[White "Gutierrez Diaz, Pablo"]
[Black "Santamaria Baeza, Adolfo"]
[Result "1/2-1/2"]
[WhiteElo "1916"]
[BlackElo "1875"]
[PlyCount "56"]
[EventDate "2022.03.03"]
[EventType "swiss"]
[EventRounds "9"]
[EventCountry "ESP"]
[SourceTitle "Ajedrez en Madrid"]
[Source "lmi"]
[SourceDate "2022.03.04"]
[SourceVersion "1"]
[SourceVersionDate "2022.03.24"]
[SourceQuality "1"]

1. e4 e5 2. Nf3 Nc6 3. d4 exd4 4. Nxd4 Bb4+ 5. Bd2 Qe7 6. Nxc6 Qxe4+ 7. Be2
dxc6 8. O-O Bxd2 9. Nxd2 Qd4 10. Bc4 Be6 11. c3 Qd6 12. Bxe6 fxe6 13. Qg4 O-O-O
14. Qxg7 Ne7 15. Ne4 Qe5 16. Qxe7 Qxe4 17. Rae1 Rhe8 18. Qa3 Qg6 19. Qxa7 Rd5
20. c4 Rd2 21. Re3 Rd3 22. Qa8+ Kd7 23. Rxd3+ Qxd3 24. Qxb7 Rg8 25. b4 Rg5 26.
a4 Qxc4 27. b5 Rxg2+ 28. Kxg2 Qg4+ 1/2-1/2

[Event "Madrid 2021-2022 ch - Previa B"]
[Site "Madrid ESP"]
[Date "2022.03.11"]
[Round "4.3"]
[White "Jimenez Carrazoni, Javier"]
[Black "Ruiz Vazquez, Javier"]
[Result "0-1"]
[WhiteElo "1584"]
[BlackElo "1725"]
[PlyCount "110"]
[EventDate "2022.03.03"]
[EventType "swiss"]
[EventRounds "9"]
[EventCountry "ESP"]
[SourceTitle "Ajedrez en Madrid"]
[Source "lmi"]
[SourceDate "2022.03.04"]
[SourceVersion "1"]
[SourceVersionDate "2022.03.24"]
[SourceQuality "1"]

1. d4 Nf6 2. Bf4 g6 3. Nc3 d5 4. Nf3 c6 5. e3 Bg7 6. Be2 O-O 7. O-O b5 8. a4 b4
9. Na2 a5 10. c3 Qb6 11. Qb3 Ba6 12. Bxa6 Nxa6 13. cxb4 axb4 14. Rfc1 c5 15. a5
Qb5 16. Nc3 Qb7 17. Na4 c4 18. Qc2 b3 19. Qe2 Ra7 20. Ne5 Nd7 21. Nxd7 Qxd7 22.
Nb6 Qb5 23. e4 e6 24. exd5 exd5 25. Qd2 Rd8 26. Ra4 Re7 27. Bg5 f6 28. Be3 Re6
29. Raa1 Rde8 30. Na4 Bf8 31. Nc5 Bxc5 32. dxc5 Qc6 33. Rd1 Rd8 34. Rac1 Ree8
35. Qc3 Kf7 36. Qd4 Nb4 37. Qh4 Kg8 38. Bd4 Re6 39. Re1 Rde8 40. Rxe6 Rxe6 41.
Qg3 Nd3 42. Ra1 Re8 43. Qd6 Qxd6 44. cxd6 Nb4 45. Bxf6 Nc6 46. a6 Kf7 47. Be7
Ke6 48. Kf1 Ra8 49. Ke2 Nb4 50. Kd2 Rxa6 51. Re1+ Kd7 52. Bf8 Nc6 53. Re3 Ra2
54. Rh3 Rxb2+ 55. Kc3 Rc2# 0-1

[Event "Madrid 2021-2022 ch - Previa B"]
[Site "Madrid ESP"]
[Date "2022.03.11"]
[Round "4.4"]
[White "Feal Albala, Alonso"]
[Black "Lozano Freras, Sergio"]
[Result "1/2-1/2"]
[WhiteElo "1809"]
[BlackElo "1990"]
[PlyCount "47"]
[EventDate "2022.03.03"]
[EventType "swiss"]
[EventRounds "9"]
[EventCountry "ESP"]
[SourceTitle "Ajedrez en Madrid"]
[Source "lmi"]
[SourceDate "2022.03.04"]
[SourceVersion "1"]
[SourceVersionDate "2022.03.24"]
[SourceQuality "1"]

1. e4 d6 2. d4 Nf6 3. Nc3 e5 4. Nf3 Nbd7 5. Bc4 Be7 6. O-O O-O 7. h3 c6 8. a4
h6 9. Re1 Re8 10. a5 Qc7 11. b3 Rb8 12. d5 b5 13. axb6 Nxb6 14. Nd2 cxd5 15.
exd5 a6 16. Qf3 Bb7 17. Bb2 Bf8 18. Ra5 Nxc4 19. Nxc4 Nd7 20. Ne4 Nb6 21. Ned2
Nd7 22. Ne4 Nb6 23. Ned2 Nd7 24. Ne4 1/2-1/2

[Event "Madrid 2021-2022 ch - Previa B"]
[Site "Madrid ESP"]
[Date "2022.03.11"]
[Round "4.5"]
[White "Torres Rebolledo, Victor"]
[Black "Lopez Herrero, Israel"]
[Result "0-1"]
[WhiteElo "1989"]
[BlackElo "1683"]
[PlyCount "90"]
[EventDate "2022.03.03"]
[EventType "swiss"]
[EventRounds "9"]
[EventCountry "ESP"]
[SourceTitle "Ajedrez en Madrid"]
[Source "lmi"]
[SourceDate "2022.03.04"]
[SourceVersion "1"]
[SourceVersionDate "2022.03.24"]
[SourceQuality "1"]

1. d4 Nf6 2. c4 g6 3. Nc3 Bg7 4. e4 d6 5. h3 Nbd7 6. Be3 O-O 7. Bd3 c5 8. d5
Qb6 9. Rb1 Ne5 10. Be2 Qa5 11. Qd2 Qb4 12. a3 Qb3 13. Qd1 Qxd1+ 14. Kxd1 e6 15.
f4 Ned7 16. Bf3 Nb6 17. b3 exd5 18. cxd5 Re8 19. Kd2 Bd7 20. a4 a6 21. a5 Nc8
22. b4 b6 23. bxc5 bxc5 24. Nge2 Bb5 25. Nxb5 axb5 26. e5 dxe5 27. fxe5 Rxe5
28. Bf4 Ne4+ 29. Kc2 Re8 30. Rxb5 Ncd6 31. Bxd6 Nxd6 32. Rxc5 Rec8 33. Rxc8+
Rxc8+ 34. Kd3 Ra8 35. Rb1 Be5 36. Nd4 Rxa5 37. Nc6 Ra3+ 38. Ke2 Ra2+ 39. Ke3
Ra3+ 40. Ke2 Bf6 41. Nb4 Nc4 42. Kf1 Nd2+ 43. Ke2 Nxb1 44. d6 Nc3+ 45. Kd3 Nb5+
0-1

[Event "Madrid 2021-2022 ch - Previa B"]
[Site "Madrid ESP"]
[Date "2022.03.11"]
[Round "4.6"]
[White "Roquero Redondo, Miguel"]
[Black "Simonyan, Arturo"]
[Result "0-1"]
[WhiteElo "1734"]
[BlackElo "1923"]
[PlyCount "62"]
[EventDate "2022.03.03"]
[EventType "swiss"]
[EventRounds "9"]
[EventCountry "ESP"]
[SourceTitle "Ajedrez en Madrid"]
[Source "lmi"]
[SourceDate "2022.03.04"]
[SourceVersion "1"]
[SourceVersionDate "2022.03.24"]
[SourceQuality "1"]

1. e4 c5 2. Nf3 d6 3. d4 cxd4 4. Nxd4 Nf6 5. Nc3 a6 6. Bg5 e6 7. f4 Nbd7 8. Qf3
Qc7 9. O-O-O b5 10. Bd3 Bb7 11. Rhe1 Be7 12. Kb1 O-O 13. Qh3 Rfd8 14. a3 h6 15.
Bh4 Nc5 16. g4 d5 17. e5 Nfe4 18. Bxe4 dxe4 19. Bxe7 Qxe7 20. Qe3 Rac8 21. Nde2
Bd5 22. Nxd5 exd5 23. Nd4 Na4 24. Nf5 Qc7 25. Re2 Rb8 26. Rd4 a5 27. Red2 b4
28. axb4 axb4 29. Qb3 Nc3+ 30. Kc1 Qa5 31. Rd1 Qa1+ 0-1

[Event "Madrid 2021-2022 ch - Previa B"]
[Site "Madrid ESP"]
[Date "2022.03.11"]
[Round "4.8"]
[White "Portero Rubio, Martin"]
[Black "Villar Grandon, Diego"]
[Result "1-0"]
[WhiteElo "1846"]
[BlackElo "1606"]
[PlyCount "43"]
[EventDate "2022.03.03"]
[EventType "swiss"]
[EventRounds "9"]
[EventCountry "ESP"]
[SourceTitle "Ajedrez en Madrid"]
[Source "lmi"]
[SourceDate "2022.03.04"]
[SourceVersion "1"]
[SourceVersionDate "2022.03.24"]
[SourceQuality "1"]

1. e4 e5 2. Bc4 Nf6 3. d3 Nc6 4. Nc3 Be7 5. f4 d6 6. Nf3 Bg4 7. h3 Bxf3 8. Qxf3
Nd4 9. Qd1 Qd7 10. Be3 a5 11. Qd2 c6 12. a4 h6 13. Qf2 b5 14. axb5 cxb5 15. Bd5
Nxd5 16. Nxd5 Qc6 17. Bxd4 exd4 18. O-O Qc5 19. b4 Qa7 20. Rxa5 Qb7 21. Rxa8+
Qxa8 22. Nc7+ 1-0

[Event "Madrid 2021-2022 ch - Previa B"]
[Site "Madrid ESP"]
[Date "2022.03.11"]
[Round "4.9"]
[White "Torres Rebolledo, Alvaro"]
[Black "Marin Aso, Jose Luis"]
[Result "1-0"]
[WhiteElo "1705"]
[BlackElo "1834"]
[PlyCount "54"]
[EventDate "2022.03.03"]
[EventType "swiss"]
[EventRounds "9"]
[EventCountry "ESP"]
[SourceTitle "Ajedrez en Madrid"]
[Source "lmi"]
[SourceDate "2022.03.04"]
[SourceVersion "1"]
[SourceVersionDate "2022.03.24"]
[SourceQuality "1"]

1. e4 c5 2. b4 cxb4 3. a3 d5 4. exd5 Qxd5 5. Nf3 e5 6. axb4 Bxb4 7. c3 Be7 8.
Na3 Nc6 9. Nb5 Qd8 10. d4 exd4 11. Bf4 Bg4 12. Nc7+ Kf8 13. Nxa8 Qxa8 14. cxd4
Nf6 15. d5 Bb4+ 16. Bd2 Nxd5 17. Bxb4+ Ndxb4 18. Be2 h5 19. O-O Rh6 20. Nh4 Qc8
21. Rc1 Qe6 22. Re1 Qf6 23. Bxg4 hxg4 24. Qd7 g6 25. Re8+ Kg7 26. g3 Ne5 27.
Qe7 Nbd3 1-0

[Event "Madrid 2021-2022 ch - Previa B"]
[Site "Madrid ESP"]
[Date "2022.03.11"]
[Round "4.11"]
[White "Aldea Moreno, Marina"]
[Black "Cardena Contreras, Javier"]
[Result "0-1"]
[WhiteElo "1611"]
[BlackElo "1816"]
[PlyCount "92"]
[EventDate "2022.03.03"]
[EventType "swiss"]
[EventRounds "9"]
[EventCountry "ESP"]
[SourceTitle "Ajedrez en Madrid"]
[Source "lmi"]
[SourceDate "2022.03.04"]
[SourceVersion "1"]
[SourceVersionDate "2022.03.24"]
[SourceQuality "1"]

1. e4 c5 2. Nc3 Nc6 3. f4 d6 4. Nf3 g6 5. Bc4 Bg7 6. O-O e6 7. Bb3 Nge7 8. d3
O-O 9. Qe1 d5 10. Kh1 a6 11. a4 Rb8 12. Qh4 b5 13. axb5 axb5 14. Ne2 c4 15. f5
exf5 16. Bh6 cxb3 17. Ng5 f6 18. Bxg7 fxg5 19. Qh6 Rf7 20. Bc3 d4 21. Bd2 bxc2
22. Rac1 Qf8 23. Qxg5 fxe4 24. Rxf7 Qxf7 25. Rxc2 exd3 26. Rxc6 Nxc6 27. Ng3
Be6 28. h3 b4 29. Qc5 Bd5 30. Kg1 Rf8 31. Kh2 Rd8 32. Kg1 Qe7 33. Qb6 Qd6 34.
Nf1 Bc4 35. Qb7 Rb8 36. Bxb4 Nxb4 37. Qe4 Qd5 38. Qe7 Nc6 39. Qc7 Rf8 40. Nd2
Ne5 41. b4 Bb5 42. Qb6 Bc6 43. Nf3 Nxf3+ 44. Kh1 d2 45. gxf3 Qxf3+ 46. Kh2 Qg2#
0-1